00589nam a22001937a 450000500170000001000280001702000260004503500170007103500130008803700270010108200060012810000200013424500660015426000350022027000720025530000280032749000280035550000120038320190919113120.0 a1819CHEN B-720587-607 a9789384930677c400.00 aB-720587-607 aB-730082 adplbEducation Gallery aS aKhatri,Vikas S. aThe master of masters and other stories /cby Vikas S. Khatri aDelhibEducation Galleryc2018 a26/25, Block-26, Gali No.12, Vishwas Nagar, ShahdarabDelhie110032 a167p.:bill.c22cm(Hb)  aScandinavian folk tales aAirport